L’économie symbolique du baptême (notice n° 1620543)

détails MARC
000 -LEADER
fixed length control field 02354cam a2200169 4500500
005 - DATE AND TIME OF LATEST TRANSACTION
control field 20260111091207.0
041 ## - LANGUAGE CODE
Language code of text/sound track or separate title fre
042 ## - AUTHENTICATION CODE
Authentication code dc
100 10 - MAIN ENTRY--PERSONAL NAME
Personal name Labbé, Yves
Relator term author
245 00 - TITLE STATEMENT
Title L’économie symbolique du baptême
260 ## - PUBLICATION, DISTRIBUTION, ETC.
Date of publication, distribution, etc. 2005.<br/>
500 ## - GENERAL NOTE
General note 20
520 ## - SUMMARY, ETC.
Summary, etc. Appuyée sur une recherche antérieure relative à la formation du sens dans les symboles, l’étude en montre la fécondité pour une interprétation du symbolisme baptismal, ressaisi dans sa situation liturgique, ici selon le rituel de l’initiation chrétienne des adultes. Ce regard philosophique porté sur la liturgie du baptême distingue d’abord les conditions naturelles et culturelles de ses formes symboliques. Il découvre ensuite comment le sens de ces formes se réalise effectivement dans la totalité de l’acte liturgique, à travers différentes compositions entre symboles, grâce aussi à une coopération de la parole, qui lève l’indétermination et surtout l’indécision des symboles, permettant ainsi de reconnaître comment le baptême identifie : par alliance et par assimilation. Une analyse conceptuelle appliquée à la liturgie ne serait-elle pas requise pour que celle-ci devienne théologie ?
520 ## - SUMMARY, ETC.
Summary, etc. Supporting a previous research which concerned the formation of meaning in the symbols, the article shows its usefulness when looking for an interpretation of baptismal symbolism in its liturgical situation (as, in this case, in the ritual of the christian initiation of adults). This philosophical approach of the liturgy of baptism first distinguishes the natural and cultural conditions of its symbolic forms and then discovers the way the meaning of these forms is effectively realised in the totalily of the liturgical act, through different compositions between symbols, and thanks to a cooperation of the word, which removes the indetermination and the indecision of the symbols, while allowing the recognition of the way baptism identifies : through alliance and through assimilation. Should we not conclude that a conceptual analysis applied to liturgy is required so that liturgy becomes theology ?
786 0# - DATA SOURCE ENTRY
Note Nouvelle revue théologique | 127 | 2 | 2005-03-12 | p. 200-225 | 0029-4845
856 41 - ELECTRONIC LOCATION AND ACCESS
Uniform Resource Identifier <a href="https://shs.cairn.info/revue-nouvelle-revue-theologique-2005-2-page-200?lang=fr&redirect-ssocas=7080">https://shs.cairn.info/revue-nouvelle-revue-theologique-2005-2-page-200?lang=fr&redirect-ssocas=7080</a>

Pas d'exemplaire disponible.

PLUDOC

PLUDOC est la plateforme unique et centralisée de gestion des bibliothèques physiques et numériques de Guinée administré par le CEDUST. Elle est la plus grande base de données de ressources documentaires pour les Étudiants, Enseignants chercheurs et Chercheurs de Guinée.

Adresse

627 919 101/664 919 101

25 boulevard du commerce
Kaloum, Conakry, Guinée

Réseaux sociaux

Powered by Netsen Group @ 2025